Normal view
MARC view
- الادارة المالية-المالية العامة-ادارة الاعمال
Entry Topical Term
001 - CONTROL NUMBER
- control field: 63064
003 - CONTROL NUMBER IDENTIFIER
- control field: JO-AjAnu
005 - DATE AND TIME OF LATEST TRANSACTION
- control field: 20230606084309.0
008 - FIXED-LENGTH DATA ELEMENTS
- fixed length control field: 230606|| aca||aabn | a|a d
040 ## - CATALOGING SOURCE
- Original cataloging agency: JO-AjAnu
- Transcribing agency: JO-AjAnu
150 ## - HEADING--TOPICAL TERM
- Topical term or geographic name entry element: الادارة المالية-المالية العامة-ادارة الاعمال
670 ## - SOURCE DATA FOUND
- Source citation: Work cat.: (JO-AjAnu)32154: الزبيدي، حمزة محمود, author 63063, الادارة المالية المتقدمة